| 000 | 01865nam a2200289 a 4500 | ||
|---|---|---|---|
| 008 | 120416s2003 ||||||||||||||||| || u | ||
| 020 | _a2869781148 | ||
| 020 | _a155250008X | ||
| 020 | _a1552500012 | ||
| 050 | _aHC 805.I55 Inf | ||
| 100 | _aParvyn-Wamahiu, Sheila | ||
| 245 | 1 | 0 |
_aInformation and communication technologies for development in Africa: the experience with community telecentre -- vol.2 _cedited by Florence Ebam Etta and Sheila Parvyn-Wamahiu |
| 260 |
_aOttawa ;Dakar _bCouncil for the Development of Social Research in Africa (CODESRIA) _c2003 |
||
| 260 |
_aOttawa ;Dakar _bInternational Development Research Centre _c2003 |
||
| 300 | _av. <1-3 > : ill. ; 22 cm. | ||
| 350 | _a0.00 | ||
| 500 | _aIncludes bibliographical references. - Contents:v. 1. Opportunities and challenges for community development / edited by Ramata Molo Thioune -- v. 2. The experience with community telecenters / edited by Florence Ebam Etta and Sheila Parvyn-Wamahiu -- v. 3. Networking institutions of learning--Schoolnet -- | ||
| 650 | _aINFORMATION TECHNOLOGY--AFRICA | ||
| 650 | _aCOMMUNITY DEVELOPMENT--AFRICA | ||
| 650 | _aCOMMUNICATION IN COMMUNITY DEVELOPMENT--AFRICA | ||
| 700 | _aEtta, Florence Ebam | ||
| 710 | _aInternational Development Research Centre (Canada) | ||
| 710 | _aCouncil for the Development of Social Science Research in Africa (CODESRIA) | ||
| 995 |
_D0.00 _FCBU-MAIN LIBRARY (Kitwe) _H2 _I30.00 _M2 _UAVAILABLE _ZMain Library Open Access Collection |
||
| 995 |
_D0.00 _FCBU-MAIN LIBRARY (Kitwe) _H1 _I30.00 _M1 _UAVAILABLE _ZMain Library Open Access Collection |
||
| 995 |
_FCBU-DAG HAMMARSKJOLD INSTITUTE LIBRARY _M1 _UAVAILABLE _WNov 8, 2012 _ZDHIPS Book Collection |
||
| 999 |
_c30643 _d30643 |
||